00722nam a2200217Ia 4500003000400000005001700004008004100021040000700062041000800069082002200077100002600099245004300125260004100168365001300209650003000222650002200252906004700274942001200321999001900333952015200352OSt20230606104800.0210423s2007 xx 000 0 und d cAL aeng a307.72223b MINE aMINIMAL (M C)9119954 aE governance and rural self government aNew DelhibSonali Publicationsc2007 b800cINR aRural Communities9119955 aSociology9119956 aE ; governance ; government ; rural ; self 2ddccBK c174885d174885 001040708MSWaSACPGbSACPGd2007-11-06eUniversity Book Houseg800.00l1o307.72 MINEpPG021574r2023-10-30 00:00:00s2023-10-18w2021-04-26yBK